2024 J1順位 - Statistics

General Stats
  • This quiz has been taken 3 times
  • The average score is 7 of 20
Answer Stats
順位 勝点 Answer % Correct
4 66 ガンバ大阪
100%
5 65 鹿島アントラーズ
100%
8 52 川崎フロンターレ
100%
7 54 FC東京
100%
1 72 ヴィッセル神戸
50%
11 50 名古屋グランパス
50%
17 41 柏レイソル
50%
20 35 サガン鳥栖
50%
9 52 横浜Fマリノス
50%
2 68 サンフレッチェ広島
0%
6 56 東京ヴェルディ
0%
10 52 セレッソ大阪
0%
12 50 アビスパ福岡
0%
13 48 浦和レッドダイヤモンズ
0%
15 45 湘南ベルマーレ
0%
16 42 アルビレックス新潟
0%
18 38 ジュビロ磐田
0%
19 37 北海道コンサドーレ札幌
0%
3 66 FC町田ゼルビア
0%
14 47 京都サンガF.C.
0%
No matching quizzes found
Score Distribution
Percent of People with Each Score
Percentile by Number Answered
Your Score History
You have not taken this quiz